00775nam a22001937a 4500999001900000005001700019010001500036020002700051035001400078037001300092082001600105100002100121245005100142260004000193270014400233300003100377942003000408952014300438 c191229d19122920220823145429.0 aENG-134551 a9789384726676c1995.00 aEN-118083 bDBAD/PUB a658.4038011 aChheda, Rajesh U aLearn Tally. ERP9;bWith GSTcRajesh U. Chheda aNew DelhibAne Books pvt ltd.c2017 a4821, Parwana Bhawan, 1st floor,24 Ansari Road, darya GanjbNew Delhie110002k+91(011)-23276843-44l+91(011)-23276863mkapoor@anebooks.com axi: 313p.bIndexc24cm(hb) 2ddccENh658.4038011mCHH 001040708NFICaAVbAVd2022-08-23eDBAD/PUBg1995.00l5m3o658.4038011 CHHpEN-118083r2025-01-28 00:00:00s2024-07-12t1v1995.00yEN